Szybki kliker - Statystyki

Ogólne statystyki
  • Ten quiz został rozwiązany 74 razy
  • Średni wynik to 20 z 35
Statystyki odpowiedzi
Hint Odpowiedź % Poprawnych
B B
97%
F F
97%
A A
95%
I I
95%
Q Q
95%
3 3
92%
4 4
92%
O O
92%
P P
92%
U U
92%
J J
90%
N N
90%
6 6
87%
D D
87%
8 8
82%
X X
82%
Y Y
77%
7 7
72%
Z Z
67%
S S
59%
K K
54%
T T
49%
1 1
46%
E E
38%
W W
28%
M M
18%
G G
15%
5 5
8%
9 9
8%
H H
8%
V V
8%
2 2
5%
C C
5%
L L
5%
R R
5%
Nie znaleziono quizów pasujących do podanych kryteriów
Rozkład punktacji
Procent ludzi z każdym wynikiem
Percentyl według liczby udzielonych odpowiedzi
Twoja historia wyników
Nie rozwiązałeś tego quizu